000 00762nam a2200217 a 4500
003 OSt
005 20130617162144.0
008 130617s1990 sz ||||| |||| 00| 0 spa d
020 _a92 4 320794 6
040 _cBiblioteca Medicina
041 _aspa
082 _aOMS IT 794
110 _aOrganizacion Mundial de la Salud
_91006
245 0 0 _aElementos esenciales de la formacion de personal de salud bucodental: ¿cambio o deterioro?
_bInforme de un Comite de Expertos de la OMS
250 _a1° ed.
260 _aGinebra
_bOrganizacion Mundial de la Salud
_c1990
300 _a52 p.
653 _aODONTOLOGIA-RECURSOS HUMANOS
942 _2ddc
_cPH
952 _pH0026
_40
_00
_bBFM
_10
_oOMS IT 794
_d2013-06-17
_tEj. 1
_8NFIC
_70
_cCR
_2ddc
_yPH
_aBFM
999 _c1505
_d1505